000
00318nam a22001337a 4500
008
171009b xxu||||| |||| 00| 0 eng d
020
_a
9780262032247
041
_a
eng
080
_a
159.9
100
_a
49
101
_a
PSI
245
_a
THE ENGINE OF REASON, THE SEAT OF THE SOUL
_c
CHURCHLAND,P,M
942
_2
udc
_c
BK
999
_c
32668
_d
32668